[Event "Kimry op"]
[Site "Kimry"]
[Date "2003.??.??"]
[Round "6"]
[White "Martianov, Nikolay"]
[Black "Nefedov, Dmitriy"]
[Result "1/2-1/2"]
[WhiteElo "2100"]
[BlackElo "2126"]
[PlyCount "83"]
[EventDate "2003.??.??"]
[EventType "swiss"]
[EventRounds "9"]
[EventCountry "RUS"]
[SourceTitle "EXT 2006"]
[Source "ChessBase"]
[SourceDate "2005.11.24"]
[SourceVersion "1"]
[SourceVersionDate "2005.11.24"]
[SourceQuality "1"]

1. d4 Nf6 2. c4 e6 3. Nf3 b6 4. g3 Bb7 5. Bg2 Bb4+ 6. Bd2 Be7 7. Nc3 0-0 8. 0-0 d6 9. Qc2 Nbd7 10. e4 e5 11. d5 a5 12. Nh4 Nh5 13. Nf5 Bg5 14. f4 exf4 15. gxf4 Bf6 16. Bf3 g6 17. Nh6+ Kg7 18. Bxh5 Kxh6 19. Bg4 Kg7 20. Qd3 Nc5 21. Qg3 Bc8 22. Bxc8 Rxc8 23. Qf3 Re8 24. Rae1 Qd7 25. Re2 Re7 26. Kh1 Rce8 27. f5 Rf8 28. Rg2 Qe8 29. Rg4 h5 30. Rg3 Nxe4 31. Nxe4 Rxe4 32. Qxh5 Rh8 33. Qf3 Re2 34. Rg2 Rxg2 35. Kxg2 Qe5 36. h3 Qxb2 37. Rf2 Qd4 38. fxg6 fxg6 39. Qxf6+ Qxf6 40. Rxf6 Rxh3 41. Rxg6+ Kxg6 42. Kxh3 1/2-1/2

[Event "Kimry op"]
[Site "Kimry"]
[Date "2003.??.??"]
[Round "5"]
[White "Shugaev, Sergey"]
[Black "Martianov, Nikolay"]
[Result "1/2-1/2"]
[WhiteElo "2100"]
[BlackElo "2100"]
[PlyCount "40"]
[EventDate "2003.??.??"]
[EventType "swiss"]
[EventRounds "9"]
[EventCountry "RUS"]
[SourceTitle "EXT 2006"]
[Source "ChessBase"]
[SourceDate "2005.11.24"]
[SourceVersion "1"]
[SourceVersionDate "2005.11.24"]
[SourceQuality "1"]

1. d4 d5 2. Nf3 Nf6 3. c4 e6 4. e3 Nbd7 5. Nc3 c6 6. Qc2 Bd6 7. b3 0-0 8. Be2 Re8 9. 0-0 Qe7 10. Bb2 dxc4 11. Bxc4 e5 12. dxe5 Nxe5 13. Be2 Bg4 14. Nd4 Bxe2 15. Ncxe2 g6 16. Ng3 Nd5 17. Qd1 Rad8 18. Nf3 Nb4 19. Nxe5 Bxe5 20. Qe2 Bxb2 1/2-1/2